[Event "Linklater Memorial 6th"]
[Site "San Francisco"]
[Date "2002.04.03"]
[Round "1"]
[White "Rey, Guillermo"]
[Black "Narayan, Chethan"]
[Result "1/2-1/2"]
[WhiteElo "2358"]
[BlackElo "2266"]
[PlyCount "79"]
[EventDate "2002.04.02"]
[EventType "tourn"]
[EventRounds "11"]
[EventCountry "USA"]
[EventCategory "4"]
[SourceTitle "EXT 2003"]
[Source "ChessBase"]
[SourceDate "2002.11.25"]
[SourceVersion "1"]
[SourceVersionDate "2002.11.25"]
[SourceQuality "1"]

1. d4 Nf6 2. Bg5 Ne4 3. Bf4 c5 4. f3 Nf6 5. d5 Qb6 6. Bc1 e6 7. e4 exd5 8. exd5 Bd6 9. Nc3 0-0 10. Bc4 Be5 11. Nge2 Re8 12. 0-0 d6 13. Bg5 Bf5 14. g4 Bg6 15. b3 h6 16. Bh4 Nbd7 17. Qd2 a6 18. a4 Bd4+ 19. Nxd4 cxd4 20. Nd1 Ne5 21. Bxf6 gxf6 22. Kg2 Kg7 23. Nb2 h5 24. h3 hxg4 25. hxg4 Rh8 26. Rad1 Rh4 27. Qxd4 Qxd4 28. Rxd4 Rah8 29. Rf2 Bxc2 30. Kf1 Rh1+ 31. Ke2 Rb1 32. Kd2 Bxb3 33. Bxb3 Rxb2+ 34. Bc2 Nxf3+ 35. Rxf3 Rh2+ 36. Kd3 Rhxc2 37. Rdf4 Rd2+ 38. Kc3 Rdc2+ 39. Kd3 Rd2+ 40. Kc3 1/2-1/2

[Event "USA-ch"]
[Site "Seattle"]
[Date "2002.01.05"]
[Round "1"]
[White "Fedorowicz, John P"]
[Black "Rey, Guillermo"]
[Result "1-0"]
[WhiteElo "2517"]
[BlackElo "2346"]
[PlyCount "91"]
[EventDate "2002.01.05"]
[EventType "swiss"]
[EventRounds "9"]
[EventCountry "USA"]
[SourceTitle "CBM 087"]
[Source "ChessBase"]
[SourceDate "2002.03.21"]
[SourceVersion "1"]
[SourceVersionDate "2002.03.21"]
[SourceQuality "1"]

1. d4 d5 2. c4 c6 3. Nf3 Nf6 4. e3 Bf5 5. Nc3 e6 6. Nh4 Bg6 7. Nxg6 hxg6 8. Qb3 Qc7 9. g3 Nbd7 10. Bd2 Be7 11. Rc1 Rc8 12. cxd5 exd5 13. Bg2 Qb8 14. 0-0 0-0 15. Rfe1 Rfe8 16. e4 dxe4 17. Nxe4 Nd5 18. Nc3 Nxc3 19. bxc3 Qc7 20. Bf4 Qb6 21. Bh3 Qxb3 22. axb3 f5 23. Ra1 a6 24. Bf1 Nb6 25. h4 Nd5 26. Bd2 Bd6 27. Kg2 Kf8 28. Bd3 Nf6 29. Kf3 Rxe1 30. Rxe1 Re8 31. Rxe8+ Kxe8 32. c4 Kf7 33. Ke2 Ke6 34. b4 Bc7 35. Bc3 Kf7 36. Bc2 Ke7 37. Bd2 Bd6 38. Bb3 Ne4 39. Be1 Kf6 40. c5 Bb8 41. Kd3 Ke7 42. d5 g5 43. d6+ Kf6 44. f3 Nxd6 45. hxg5+ Kxg5 46. Bd2+ 1-0

[Event "American op 37th"]
[Site "Los Angeles"]
[Date "2001.11.25"]
[Round "7"]
[White "Rensch, Daniel"]
[Black "Rey, Guillermo"]
[Result "1/2-1/2"]
[WhiteElo "2208"]
[BlackElo "2366"]
[PlyCount "80"]
[EventDate "2001.11.22"]
[EventType "swiss"]
[EventRounds "8"]
[EventCountry "USA"]
[SourceTitle "CBM 085 Extra"]
[Source "ChessBase"]
[SourceDate "2002.01.21"]
[SourceVersion "1"]
[SourceVersionDate "2002.01.21"]
[SourceQuality "1"]

1. d4 Nf6 2. Bg5 Ne4 3. Bf4 d5 4. e3 Bf5 5. f3 Nd6 6. Nc3 e6 7. Bd3 c6 8. e4 Bg6 9. Nge2 Nd7 10. 0-0 Be7 11. Qe1 0-0 12. Rd1 b5 13. Qg3 Nc4 14. Bc1 b4 15. Bxc4 dxc4 16. Na4 Qa5 17. b3 Rfd8 18. Bf4 Nb6 19. Bc7 Rd7 20. Nc1 Rc8 21. Bxb6 axb6 22. Nb2 cxb3 23. axb3 b5 24. Ne2 Qa2 25. Rb1 Bf6 26. Qf2 Rcd8 27. Nd3 Rxd4 28. Nxd4 Bxd4 29. Qxd4 Rxd4 30. Ra1 Qa3 31. Rxa3 bxa3 32. Ra1 b4 33. Kf2 f6 34. Ke3 e5 35. c3 bxc3 36. Rxa3 c2 37. Ra1 Bf7 38. Ra8+ Be8 39. Ra1 c5 40. Rc1 c4 1/2-1/2

[Event "US Open-102"]
[Site "Framingham"]
[Date "2001.08.12"]
[Round "9"]
[White "Rey, Guillermo"]
[Black "Anderson, Renard"]
[Result "1/2-1/2"]
[WhiteElo "2366"]
[BlackElo "2268"]
[PlyCount "96"]
[EventDate "2001.08.04"]
[EventType "swiss"]
[EventRounds "9"]
[EventCountry "USA"]
[SourceTitle "CBM 083 Extra"]
[Source "ChessBase"]
[SourceDate "2001.09.11"]
[SourceVersion "1"]
[SourceVersionDate "2001.09.11"]
[SourceQuality "1"]

1. b3 e5 2. Bb2 Nc6 3. e3 Nf6 4. Bb5 Bd6 5. Ne2 0-0 6. 0-0 a6 7. Bxc6 dxc6 8. d3 Ng4 9. h3 Nh6 10. Nd2 Qh4 11. Nf3 Qe7 12. e4 f5 13. exf5 Nxf5 14. Qd2 Nh4 15. Nxh4 Qxh4 16. Qe3 Rf5 17. Ng3 Rg5 18. Rae1 Bd7 19. Qe4 Qf4 20. Bc1 Qxe4 21. Nxe4 Rg6 22. g4 Rf8 23. f3 h6 24. Be3 Bc8 25. Re2 b6 26. Nxd6 cxd6 27. Bxb6 c5 28. Ref2 h5 29. Kg2 Bb7 30. Kg3 Rgf6 31. gxh5 Rf5 32. Bc7 Rg5+ 33. Kh2 Rxh5 34. Rg1 d5 35. Bd6 Rf6 36. Bxc5 Rfh6 37. Rg3 Bc8 38. Re2 Bxh3 39. Kg1 Bd7 40. Reg2 Rh7 41. d4 Rh1+ 42. Kf2 Bh3 43. Rg1 Rh2+ 44. Ke3 Rxc2 45. Rg6 Bf5 46. Rxa6 Rc3+ 47. Kd2 Rc2+ 48. Ke3 Rc3+ 1/2-1/2

[Event "San Francisco Val Zemitis IM"]
[Site "San Francisco"]
[Date "2000.04.12"]
[Round "9"]
[White "Rey, Guillermo"]
[Black "Cela, Altin"]
[Result "1/2-1/2"]
[WhiteElo "2359"]
[BlackElo "2527"]
[PlyCount "102"]
[EventDate "2000.04.04"]
[EventType "tourn"]
[EventRounds "9"]
[EventCountry "USA"]
[EventCategory "4"]
[SourceTitle "CBM 075 Extra"]
[Source "ChessBase"]
[SourceDate "2000.05.11"]
[SourceVersion "2"]
[SourceVersionDate "2000.05.11"]
[SourceQuality "1"]

1. c4 g6 2. g3 Bg7 3. Bg2 e5 4. Nc3 Nc6 5. e4 d6 6. Nge2 h5 7. h4 Nd4 8. Nxd4 exd4 9. Ne2 Ne7 10. d3 c6 11. Bg5 Bg4 12. f3 Be6 13. Qd2 Qc7 14. 0-0 0-0 15. Rac1 Kh7 16. Rc2 a5 17. Qe1 a4 18. g4 hxg4 19. h5 gxh5 20. Qh4 f6 21. Nxd4 Bc8 22. Qxh5+ Kg8 23. Be3 Ra5 24. Qh2 f5 25. fxg4 fxg4 26. Rxf8+ Bxf8 27. Qf4 Ng6 28. Qf6 Ne5 29. Ne6 Qe7 30. Qxf8+ Qxf8 31. Nxf8 Kxf8 32. d4 Ng6 33. Kf2 Rh5 34. Rc1 Kf7 35. Kg3 Nh4 36. Rf1+ Ke7 37. Bh1 Nf3 38. Bxf3 Rh3+ 39. Kf4 Rxf3+ 40. Rxf3 gxf3 41. Kxf3 d5 42. exd5 cxd5 43. cxd5 Bf5 44. Bf4 Bb1 45. a3 Kd7 46. Ke3 b5 47. Kd2 Ba2 48. d6 Bc4 49. Kc3 Bf1 50. Kb4 Be2 51. Kc5 Bf1 1/2-1/2

[Event "San Francisco Val Zemitis IM"]
[Site "San Francisco"]
[Date "2000.04.12"]
[Round "7"]
[White "Rey, Guillermo"]
[Black "Pruess, David"]
[Result "1-0"]
[WhiteElo "2359"]
[BlackElo "2228"]
[PlyCount "81"]
[EventDate "2000.04.04"]
[EventType "tourn"]
[EventRounds "9"]
[EventCountry "USA"]
[EventCategory "4"]
[SourceTitle "CBM 075 Extra"]
[Source "ChessBase"]
[SourceDate "2000.05.11"]
[SourceVersion "2"]
[SourceVersionDate "2000.05.11"]
[SourceQuality "1"]

1. d4 d5 2. Nf3 c6 3. c4 e6 4. Nc3 Nf6 5. cxd5 exd5 6. Bg5 Be7 7. e3 0-0 8. Bd3 Ne4 9. Bxe7 Qxe7 10. Qc2 Re8 11. Bxe4 dxe4 12. Nd2 Bf5 13. 0-0-0 Nd7 14. h3 Bg6 15. Kb1 Rac8 16. Nb3 h6 17. Rc1 b6 18. Rhd1 Qg5 19. g4 Qh4 20. Rg1 c5 21. Nd5 cxd4 22. Qxc8 Rxc8 23. Rxc8+ Kh7 24. Nxd4 Nc5 25. Rg3 Nd3 26. Ne2 Nxf2 27. Rc1 Nd3 28. Rcg1 Qg5 29. Ndc3 b5 30. h4 Qxh4 31. Nxb5 Qg5 32. Ned4 f6 33. Nf5 h5 34. Nbd4 Nc5 35. gxh5 Qxh5 36. Rxg6 Qxg6 37. Rh1+ Kg8 38. Ne7+ Kf7 39. Nxg6 Kxg6 40. b4 Nd3 41. b5 1-0

[Event "San Francisco Val Zemitis IM"]
[Site "San Francisco"]
[Date "2000.04.06"]
[Round "2"]
[White "Reizniece Ozola, Dana"]
[Black "Rey, Guillermo"]
[Result "0-1"]
[WhiteElo "2259"]
[BlackElo "2359"]
[PlyCount "76"]
[EventDate "2000.04.04"]
[EventType "tourn"]
[EventRounds "9"]
[EventCountry "USA"]
[EventCategory "4"]
[SourceTitle "CBM 075 Extra"]
[Source "ChessBase"]
[SourceDate "2000.05.11"]
[SourceVersion "2"]
[SourceVersionDate "2000.05.11"]
[SourceQuality "1"]

1. Nf3 f5 2. c4 Nf6 3. Nc3 g6 4. g3 Bg7 5. Bg2 0-0 6. 0-0 d6 7. d4 c6 8. d5 e5 9. dxe6 Bxe6 10. b3 Na6 11. Bb2 Qe7 12. Qd2 Rad8 13. Rad1 d5 14. Nd4 dxc4 15. Qe3 Nc7 16. Nxe6 Nxe6 17. bxc4 Ng4 18. Qxa7 Qb4 19. Ba3 Qxc3 20. Bxf8 Rxd1 21. Rxd1 Bd4 22. Bg7 Kxg7 23. Qxb7+ Kh6 24. Qe7 Bxf2+ 25. Kh1 Bc5 26. Qh4+ Kg7 27. Rb1 Nf2+ 28. Kg1 Nd1+ 29. Kf1 Ne3+ 30. Kg1 Nd1+ 31. Kf1 Nb2 32. Bf3 Qe3 33. Kg2 Qf2+ 34. Kh3 h6 35. Rxb2 Ng5+ 36. Qxg5 hxg5 37. g4 fxg4+ 38. Kxg4 Qh4# 0-1

[Event "San Francisco Masters op"]
[Site "San Francisco"]
[Date "2000.04.03"]
[Round "6"]
[White "Blatny, Pavel"]
[Black "Rey, Guillermo"]
[Result "1-0"]
[WhiteElo "2512"]
[BlackElo "2359"]
[PlyCount "59"]
[EventDate "2000.03.31"]
[EventType "swiss"]
[EventRounds "7"]
[EventCountry "USA"]
[SourceTitle "EXT 2001"]
[Source "ChessBase"]
[SourceDate "2000.11.22"]
[SourceVersion "1"]
[SourceVersionDate "2000.11.22"]
[SourceQuality "1"]

1. Nf3 Nf6 2. b3 g6 3. Bb2 Bg7 4. g3 0-0 5. Bg2 d6 6. d4 Nc6 7. d5 Na5 8. Na3 c5 9. 0-0 Bd7 10. c4 a6 11. Nd2 Rb8 12. e4 e5 13. Qc2 b5 14. Rae1 Bh6 15. f4 exf4 16. gxf4 Nh5 17. f5 Nf4 18. Qc3 f6 19. Qg3 Nxg2 20. Qxg2 Bxd2 21. Qxd2 g5 22. h4 h6 23. hxg5 hxg5 24. Qh2 Qe7 25. Kf2 Rb6 26. Rg1 Qg7 27. Rxg5 Qxg5 28. Rg1 Qxg1+ 29. Qxg1+ Kf7 30. Qg6+ 1-0

[Event "San Francisco Masters op"]
[Site "San Francisco"]
[Date "2000.04.02"]
[Round "5"]
[White "Ehlvest, Jaan"]
[Black "Rey, Guillermo"]
[Result "1-0"]
[WhiteElo "2622"]
[BlackElo "2359"]
[PlyCount "83"]
[EventDate "2000.03.31"]
[EventType "swiss"]
[EventRounds "7"]
[EventCountry "USA"]
[SourceTitle "EXT 2001"]
[Source "ChessBase"]
[SourceDate "2000.11.22"]
[SourceVersion "1"]
[SourceVersionDate "2000.11.22"]
[SourceQuality "1"]

1. Nf3 Nf6 2. c4 g6 3. Nc3 Bg7 4. d4 0-0 5. e4 d6 6. Be2 e5 7. Be3 Ng4 8. Bg5 f6 9. Bh4 Nc6 10. d5 Ne7 11. Nd2 Nh6 12. 0-0 g5 13. Bg3 Ng6 14. Rc1 Nf4 15. b4 f5 16. exf5 Nxf5 17. Bg4 a5 18. a3 axb4 19. axb4 Nd4 20. Bxc8 Qxc8 21. Nb3 Nxb3 22. Qxb3 e4 23. Bxf4 Rxf4 24. Ne2 Rf7 25. Ng3 Qg4 26. Rce1 Rf4 27. h3 Qh4 28. Nxe4 Be5 29. Qd3 Re8 30. g3 Qxh3 31. Nxg5 Qg4 32. Qxh7+ Kf8 33. Qh6+ Ke7 34. Qg7+ Kd8 35. Ne6+ Rxe6 36. Qxg4 Rxg4 37. dxe6 Rxc4 38. f4 Bd4+ 39. Kg2 Rxb4 40. Rh1 c5 41. e7+ Ke8 42. Rh6 1-0

[Event "Oz.com qual blitz"]
[Site "ICC INT"]
[Date "2000.03.05"]
[Round "4"]
[White "Dimitrijeski, Boris"]
[Black "Rey, Guillermo"]
[Result "1-0"]
[WhiteElo "2194"]
[BlackElo "2359"]
[PlyCount "67"]
[EventDate "2000.03.05"]
[EventType "swiss (blitz)"]
[EventRounds "9"]
[EventCountry "USA"]
[SourceTitle "EXT 2001"]
[Source "ChessBase"]
[SourceDate "2000.11.22"]
[SourceVersion "1"]
[SourceVersionDate "2000.11.22"]
[SourceQuality "1"]

1. e4 e6 2. d4 d5 3. Nc3 Bb4 4. e5 c5 5. a3 Bxc3+ 6. bxc3 Qc7 7. Qg4 f5 8. Qg3 cxd4 9. cxd4 Ne7 10. Bd2 0-0 11. Bd3 b6 12. Ne2 Ba6 13. Nf4 Qd7 14. h4 Bxd3 15. Qxd3 Nbc6 16. Rh3 Rac8 17. Rg3 Rf7 18. h5 Na5 19. Bxa5 bxa5 20. c3 Rb8 21. a4 Qc6 22. Kf1 Nc8 23. Kg1 Rb3 24. Rc1 Rfb7 25. Qf3 Rb1 26. Rxb1 Rxb1+ 27. Kh2 Rb3 28. h6 g6 29. Qh5 Qe8 30. Nxg6 hxg6 31. Rxg6+ Kh8 32. h7 Ne7 33. Rg8+ Qxg8 34. hxg8Q+ 1-0

[Event "Arthur Dake Int"]
[Site "San Francisco"]
[Date "1999.07.19"]
[Round "8"]
[White "Kraai, Jesse"]
[Black "Rey, Guillermo"]
[Result "1-0"]
[WhiteElo "2412"]
[BlackElo "2363"]
[PlyCount "139"]
[EventDate "1999.07.11"]
[EventType "tourn"]
[EventRounds "9"]
[EventCountry "USA"]
[EventCategory "4"]
[SourceTitle "CBM 071 Extra"]
[Source "ChessBase"]
[SourceDate "1999.09.14"]
[SourceVersion "1"]
[SourceVersionDate "1999.09.14"]
[SourceQuality "1"]

1. d4 g6 2. c4 Bg7 3. Nc3 c5 4. d5 Bxc3+ 5. bxc3 f5 6. e4 fxe4 7. f3 Qa5 8. Qc2 d6 9. fxe4 Nf6 10. Nf3 Nbd7 11. Bd3 Ne5 12. Nxe5 dxe5 13. 0-0 Qb6 14. Qf2 Qd6 15. Bh6 Rg8 16. Bg5 Rf8 17. Qh4 Bd7 18. Rf3 0-0-0 19. Raf1 Qa6 20. Bxf6 Rxf6 21. Qxh7 Rxf3 22. Rxf3 Re8 23. Qg7 Qxa2 24. Qxe5 Qd2 25. Bf1 a5 26. Qg3 a4 27. Rf2 Qd1 28. Qxg6 Qe1 29. h4 a3 30. Qb6 Qe3 31. Qa5 Kb8 32. Qxa3 Rh8 33. Qb2 Rxh4 34. Qd2 Qg3 35. Rf8+ Kc7 36. Rf3 Qh2+ 37. Kf2 Rxe4 38. Qg5 Qh8 39. Re3 Rxe3 40. Qxe3 Qf6+ 41. Kg1 b6 42. Be2 e5 43. Bd3 Kd6 44. Qh3 Be8 45. Qg4 Qh6 46. Qh3 Qc1+ 47. Bf1 Bd7 48. Qg3 Qh6 49. Qf2 Bg4 50. g3 Ke7 51. Qe1 Kd6 52. Bg2 Qg5 53. Be4 Ke7 54. Kg2 Kd6 55. Kf2 Qf6+ 56. Kg1 Qg5 57. Kg2 Qh6 58. Bf3 Bh3+ 59. Kf2 Bf5 60. Qe3 Qg6 61. Kg2 Bd3 62. Be2 Be4+ 63. Kf2 Bf5 64. Ke1 Qh7 65. Qg5 Kd7 66. g4 Qh1+ 67. Kd2 Bh7 68. Qg7+ Kd6 69. Qf6+ Kd7 70. Qc6+ 1-0

[Event "San Francisco schev 2nd"]
[Site "San Francisco"]
[Date "1999.03.30"]
[Round "7"]
[White "Rey, Guillermo"]
[Black "Russell, Richard"]
[Result "1-0"]
[WhiteElo "2346"]
[BlackElo "2300"]
[PlyCount "95"]
[EventDate "1999.03.26"]
[EventType "schev"]
[EventRounds "9"]
[EventCountry "USA"]
[SourceTitle "CBM 069 Extra"]
[Source "ChessBase"]
[SourceDate "1999.05.10"]
[SourceVersion "1"]
[SourceVersionDate "1999.05.10"]
[SourceQuality "1"]

1. d4 Nf6 2. Bg5 Ne4 3. Bf4 c5 4. f3 Qa5+ 5. c3 Nf6 6. d5 Qb6 7. b3 e6 8. e4 exd5 9. exd5 Bd6 10. Bg5 0-0 11. Bxf6 Re8+ 12. Ne2 gxf6 13. Nd2 Bf8 14. Nc4 Qd8 15. a4 d6 16. Qd3 Bh6 17. Kf2 f5 18. f4 Qf6 19. g3 Na6 20. Bh3 Bd7 21. Ne3 Re4 22. Bg2 Re7 23. Rhe1 Rae8 24. Nc4 Bg7 25. Rac1 Nc7 26. Na5 Bc8 27. Bf3 Na6 28. Qd2 Qh6 29. h4 Nb8 30. Ng1 Qf6 31. Rxe7 Qxe7 32. Nc4 Kf8 33. Ne3 Qf6 34. Qd3 Na6 35. Bg2 Nc7 36. Nf3 b6 37. Bh3 Ba6 38. c4 Qb2+ 39. Qc2 Qf6 40. Qxf5 Qb2+ 41. Qc2 Qa3 42. Re1 Qb2 43. Qxb2 Bxb2 44. Nd1 Rxe1 45. Kxe1 Bg7 46. Ng5 h6 47. Ne4 Ke7 48. Ne3 1-0

[Event "Koltanowski Team Match"]
[Site "San Francisco"]
[Date "1999.02.07"]
[Round "6"]
[White "Silman, Jeremy D"]
[Black "Rey, Guillermo"]
[Result "1/2-1/2"]
[WhiteElo "2375"]
[BlackElo "2346"]
[PlyCount "35"]
[EventDate "1999.02.02"]
[EventType "schev"]
[EventRounds "9"]
[EventCountry "USA"]
[SourceTitle "CBM 068 Extra"]
[Source "ChessBase"]
[SourceDate "1999.03.01"]
[SourceVersion "1"]
[SourceVersionDate "1999.03.01"]
[SourceQuality "1"]

1. d4 Nf6 2. c4 g6 3. Nc3 Bg7 4. e4 d6 5. Be2 0-0 6. Bg5 Na6 7. Qd2 e5 8. d5 c6 9. Bd3 Nc5 10. Bc2 cxd5 11. cxd5 a5 12. Nge2 Bd7 13. 0-0 b5 14. f3 b4 15. Nd1 Qb6 16. Be3 Bb5 17. Nf2 Qa6 18. Rfe1 1/2-1/2